Family problems and predicaments: (Record no. 14673)

000 -LEADER
fixed length control field 00768nam a2200229 a 4500
001 - CONTROL NUMBER
control field :::00012506$&:&@@
003 - CONTROL NUMBER IDENTIFIER
control field OkBaRHE
005 - DATE AND TIME OF LATEST TRANSACTION
control field 20000607103420.0
008 - FIXED-LENGTH DATA ELEMENTS--GENERAL INFORMATION
fixed length control field s1977 j 000 0 eng u
020 ## - INTERNATIONAL STANDARD BOOK NUMBER
International Standard Book Number 0842308539
040 ## - CATALOGING SOURCE
Transcribing agency
100 1# - MAIN ENTRY--PERSONAL NAME
Personal name Welter, Paul, 1928-
245 10 - TITLE STATEMENT
Title Family problems and predicaments:
Remainder of title how to respond.
260 ## - PUBLICATION, DISTRIBUTION, ETC. (IMPRINT)
Place of publication, distribution, etc Wheaton, IL., :
Name of publisher, distributor, etc Tyndale House Publishers
Date of publication, distribution, etc c1977
300 ## - PHYSICAL DESCRIPTION
Extent 255 p. : illus. ;
Dimensions 21 cm.
650 ## - SUBJECT ADDED ENTRY--TOPICAL TERM
Topical term or geographic name as entry element Family
650 ## - SUBJECT ADDED ENTRY--TOPICAL TERM
Topical term or geographic name as entry element Parent and Child
650 ## - SUBJECT ADDED ENTRY--TOPICAL TERM
Topical term or geographic name as entry element Problem Family
942 ## - ADDED ENTRY ELEMENTS (KOHA)
Source of classification or shelving scheme
Koha item type Books
Copies
Date last seen Not for loan Damaged status Permanent Location Price effective from Date acquired Full call number Withdrawn status Shelving location Source of classification or shelving scheme Koha item type Lost status Barcode Copy number
2010-04-14  RHEMA Bible Training College2010-04-142010-04-14HQ 734 .W4843 General Stacks Books 125061
2010-04-14  RHEMA Bible Training College2010-04-142010-04-14HQ 734 .W4843 General Stacks Books 200382